000 00558nam a22002177a 4500
003 LK-CoMWRAF
005 20240118133535.0
008 231121b |||||||| |||| 00| 0 eng d
020 _a0582764793
040 _aLK-CoMWRAF
_dLK-CoMWRAF
_eLK-CoMWRAF
041 _aeng
082 _a823
_bRIM
100 _aRimmer, J. A.
245 _aThe Search
260 _aEssex:
_bLongman,
_c1981
300 _a56 p.
490 _aLongman graded structural readers for the Arab world
_vStage 4
650 _aEnglish Fiction
700 _aFraser, John
942 _cBK
999 _c4193
_d4193